[Event "Campeonato de España Veteranos 2017"]
[Site "Altea"]
[Date "2017.10.13"]
[Round "7"]
[White "Vinal Gutierrez, Pedro"]
[Black "Campos Calvo-Sotelo, Juan"]
[Result "1-0"]
[Board "16"]
[WhiteElo "2041"]
[WhiteCountry "ESP"]
[WhiteFideId "2212870"]
[WhiteEloChange "4"]
[BlackElo "1796"]
[BlackCountry "ESP"]
[BlackFideId "2251540"]
[BlackEloChange "-4"]

1. d4 {[%clk 1:30:57]} b5 {[%clk 1:30:47]} 2. e4 {[%clk 1:31:05]} a6 {[%clk
1:31:01]} 3. Bd3 {[%clk 1:31:09]} e6 {[%clk 1:31:12]} 4. Nf3 {[%clk 1:31:17]} c5
{[%clk 1:31:15]} 5. c3 {[%clk 1:31:33]} Bb7 {[%clk 1:31:33]} 6. O-O {[%clk
1:31:43]} Nf6 {[%clk 1:30:55]} 7. e5 {[%clk 1:31:44]} Nd5 {[%clk 1:31:17]} 8.
dxc5 {[%clk 1:31:50]} Bxc5 {[%clk 1:31:38]} 9. Nbd2 {[%clk 1:32:02]} Qc7 {[%clk
1:31:15]} 10. a4 {[%clk 1:31:24]} b4 {[%clk 1:26:31]} 11. Ne4 {[%clk 1:30:20]}
bxc3 {[%clk 1:24:35]} 12. bxc3 {[%clk 1:30:09]} Be7 {[%clk 1:24:01]} 13. Ba3
{[%clk 1:20:29]} O-O {[%clk 1:11:51]} 14. Bxe7 {[%clk 1:16:54]} Nxe7 {[%clk
1:11:56]} 15. Nd6 {[%clk 1:14:11]} Bxf3 {[%clk 1:10:55]} 16. Qxf3 {[%clk
1:14:21]} Nbc6 {[%clk 1:11:16]} 17. Qh3 {[%clk 1:11:34]} Ng6 {[%clk 1:08:27]} 18.
f4 {[%clk 1:11:21]} f5 {[%clk 1:07:06]} 19. Qe3 {[%clk 1:07:11]} Nge7 {[%clk
0:59:06]} 20. c4 {[%clk 1:05:46]} Nb4 {[%clk 0:58:54]} 21. Rab1 {[%clk 1:03:14]}
Nxd3 {[%clk 0:57:44]} 22. Qxd3 {[%clk 1:03:13]} Rfb8 {[%clk 0:56:35]} 23. Kh1
{[%clk 1:01:25]} Nc8 {[%clk 0:53:19]} 24. Rxb8 {[%clk 0:56:03]} Rxb8 {[%clk
0:51:50]} 25. h3 {[%clk 0:49:04]} Nxd6 {[%clk 0:52:06]} 26. exd6 {[%clk 0:48:12]}
Qc6 {[%clk 0:52:12]} 27. Qd4 {[%clk 0:44:18]} Rb4 {[%clk 0:51:24]} 28. Rc1 {[%clk
0:39:40]} Rxa4 {[%clk 0:50:20]} 29. Rc3 {[%clk 0:38:55]} Qe4 {[%clk 0:39:52]} 30.
Qxe4 {[%clk 0:33:54]} fxe4 {[%clk 0:40:15]} 31. g4 {[%clk 0:33:26]} Kf7 {[%clk
0:40:16]} 32. Kg2 {[%clk 0:33:39]} Ke8 {[%clk 0:40:10]} 33. Kf2 {[%clk 0:33:45]}
Ra1 {[%clk 0:38:29]} 34. Ke3 {[%clk 0:33:49]} Rd1 {[%clk 0:34:22]} 35. Kxe4
{[%clk 0:16:26]} Rxd6 {[%clk 0:34:34]} 36. Rb3 {[%clk 0:15:43]} a5 {[%clk
0:34:08]} 37. Rb8+ {[%clk 0:15:58]} Ke7 {[%clk 0:34:17]} 38. Ra8 {[%clk 0:16:21]}
Rb6 {[%clk 0:29:56]} 39. Rxa5 {[%clk 0:16:09]} Rb4 {[%clk 0:30:11]} 40. Kd4
{[%clk 0:15:38]} d5 {[%clk 0:19:58]} 41. Ke5 {[%clk 0:15:59]} Rxc4 {[%clk
0:18:57]} 42. Ra7+ {[%clk 0:13:56]} Kf8 {[%clk 0:16:25]} 43. Kxe6 {[%clk
0:14:12]} Re4+ {[%clk 0:16:30]} 44. Kf5 {[%clk 0:14:25]} g6+ {[%clk 0:15:01]} 45.
Kg5 {[%clk 0:14:18]} Re7 {[%clk 0:08:26]} 46. Ra8+ {[%clk 0:13:10]} Kg7 {[%clk
0:08:29]} 47. Rd8 {[%clk 0:13:16]} Re3 {[%clk 0:07:21]} 48. Rd7+ {[%clk 0:13:29]}
Kg8 {[%clk 0:07:35]} 49. Kf6 {[%clk 0:13:40]} h5 {[%clk 0:05:26]} 50. Kxg6 {[%clk
0:13:05]} Kf8 {[%clk 0:05:36]} 51. Rxd5 {[%clk 0:13:08]} Rxh3 {[%clk 0:05:47]}
52. Rxh5 {[%clk 0:13:26]} Ra3 {[%clk 0:05:58]} 53. Rh7 {[%clk 0:13:37]} Ra6+
{[%clk 0:06:00]} 54. Kg5 {[%clk 0:13:56]} Kg8 {[%clk 0:06:19]} 55. Rb7 {[%clk
0:14:19]} Rc6 {[%clk 0:06:22]} 56. f5 {[%clk 0:14:41]} Rc7 {[%clk 0:06:22]} 1-0

[Event "Campeonato de España Veteranos 2017"]
[Site "Altea"]
[Date "2017.10.14"]
[Round "8"]
[White "Elissalt Cardenas, Hector"]
[Black "Fernandez Hernandez, Gerardo"]
[Result "1-0"]
[Board "1"]
[WhiteTitle "IM"]
[WhiteElo "2324"]
[WhiteCountry "ESP"]
[WhiteFideId "3500632"]
[WhiteEloChange "6"]
[BlackTitle "CM"]
[BlackElo "2178"]
[BlackCountry "ESP"]
[BlackFideId "2207400"]
[BlackEloChange "-6"]

1. d4 {[%clk 1:29:58]} Nf6 {[%clk 1:30:55]} 2. c4 {[%clk 1:30:16]} e6 {[%clk
1:31:18]} 3. Nf3 {[%clk 1:30:40]} Bb4+ {[%clk 1:31:42]} 4. Bd2 {[%clk 1:31:02]}
a5 {[%clk 1:32:08]} 5. Bxb4 {[%clk 1:31:12]} axb4 {[%clk 1:32:33]} 6. Qd3 {[%clk
1:31:36]} d6 {[%clk 1:25:48]} 7. g3 {[%clk 1:29:48]} Nc6 {[%clk 1:22:57]} 8. Nbd2
{[%clk 1:20:29]} Qe7 {[%clk 1:22:17]} 9. Bg2 {[%clk 1:15:31]} e5 {[%clk 1:19:40]}
10. d5 {[%clk 1:12:16]} Nb8 {[%clk 1:11:28]} 11. e4 {[%clk 1:04:51]} Na6 {[%clk
1:11:07]} 12. O-O {[%clk 1:00:21]} Nc5 {[%clk 1:08:56]} 13. Qc2 {[%clk 0:59:36]}
Bd7 {[%clk 1:02:07]} 14. Rfc1 {[%clk 0:51:00]} O-O {[%clk 1:01:05]} 15. Ne1
{[%clk 0:50:48]} Ra5 {[%clk 0:49:19]} 16. a3 {[%clk 0:43:10]} Rfa8 {[%clk
0:45:53]} 17. Qd1 {[%clk 0:40:31]} b3 {[%clk 0:38:56]} 18. Qe2 {[%clk 0:40:08]}
Ba4 {[%clk 0:35:14]} 19. Rc3 {[%clk 0:33:00]} b5 {[%clk 0:23:10]} 20. cxb5 {[%clk
0:27:55]} Rxb5 {[%clk 0:22:19]} 21. Bh3 {[%clk 0:27:38]} Rb7 {[%clk 0:20:13]} 22.
Qf3 {[%clk 0:20:34]} Bd7 {[%clk 0:16:27]} 23. Bxd7 {[%clk 0:13:35]} Qxd7 {[%clk
0:16:53]} 24. Nd3 {[%clk 0:13:19]} Nxd3 {[%clk 0:15:45]} 25. Qxd3 {[%clk
0:13:35]} Qa4 {[%clk 0:11:57]} 26. Rac1 {[%clk 0:11:55]} Nd7 {[%clk 0:08:13]} 27.
Rxc7 {[%clk 0:10:05]} Nc5 {[%clk 0:07:25]} 28. R1xc5 {[%clk 0:10:23]} dxc5 {[%clk
0:07:39]} 29. Rxb7 {[%clk 0:10:46]} 1-0

[Event "Campeonato de España Veteranos 2017"]
[Site "Altea"]
[Date "2017.10.14"]
[Round "8"]
[White "Sabater Sanchez, Asensio"]
[Black "Campos Gambuti, Luis Maria"]
[Result "0-1"]
[Board "2"]
[WhiteElo "2149"]
[WhiteCountry "ESP"]
[WhiteFideId "2229056"]
[WhiteEloChange "-4"]
[BlackTitle "IM"]
[BlackElo "2413"]
[BlackCountry "ESP"]
[BlackFideId "2226979"]
[BlackEloChange "2"]

1. d4 {[%clk 1:30:30]} Nf6 {[%clk 1:30:32]} 2. Bg5 {[%clk 1:31:13]} d5 {[%clk
1:29:38]} 3. Bxf6 {[%clk 1:31:13]} gxf6 {[%clk 1:29:56]} 4. e3 {[%clk 1:31:13]}
c5 {[%clk 1:28:49]} 5. Nc3 {[%clk 1:28:28]} e6 {[%clk 1:28:54]} 6. Qh5 {[%clk
1:27:20]} Nc6 {[%clk 1:28:07]} 7. Nge2 {[%clk 1:21:11]} Qa5 {[%clk 1:23:57]} 8.
O-O-O {[%clk 1:12:47]} b5 {[%clk 1:19:10]} 9. dxc5 {[%clk 0:58:59]} b4 {[%clk
1:13:15]} 10. Nxd5 {[%clk 0:58:59]} exd5 {[%clk 1:13:35]} 11. Qxd5 {[%clk
0:58:00]} Qxc5 {[%clk 1:13:35]} 12. Nf4 {[%clk 0:58:00]} Qxd5 {[%clk 1:04:19]}
13. Nxd5 {[%clk 0:51:20]} Bd6 {[%clk 1:03:55]} 14. Nb6 {[%clk 0:48:18]} axb6
{[%clk 1:02:51]} 15. Rxd6 {[%clk 0:46:38]} Bb7 {[%clk 1:02:26]} 16. Bb5 {[%clk
0:42:21]} Ke7 {[%clk 0:55:18]} 17. Rhd1 {[%clk 0:37:30]} Rhd8 {[%clk 0:55:00]}
18. Rxc6 {[%clk 0:35:41]} Bxc6 {[%clk 0:55:00]} 19. Rxd8 {[%clk 0:35:41]} Kxd8
{[%clk 0:46:27]} 20. Bxc6 {[%clk 0:36:04]} Rxa2 {[%clk 0:46:54]} 21. Bd5 {[%clk
0:35:55]} Ra1+ {[%clk 0:47:05]} 22. Kd2 {[%clk 0:33:07]} Ke7 {[%clk 0:47:05]} 23.
Be4 {[%clk 0:32:48]} h6 {[%clk 0:46:05]} 24. c4 {[%clk 0:31:05]} Kd6 {[%clk
0:44:42]} 25. f4 {[%clk 0:31:03]} Kc5 {[%clk 0:42:34]} 26. Bd5 {[%clk 0:27:44]}
b5 {[%clk 0:42:41]} 27. Bxf7 {[%clk 0:26:47]} bxc4 {[%clk 0:41:59]} 28. h4 {[%clk
0:26:47]} Rg1 {[%clk 0:41:59]} 0-1

[Event "Campeonato de España Veteranos 2017"]
[Site "Altea"]
[Date "2017.10.14"]
[Round "8"]
[White "Lloret Ramis, Juan Jose"]
[Black "Garcia Fernandez, Carlos"]
[Result "1/2-1/2"]
[Board "4"]
[WhiteElo "2120"]
[WhiteCountry "ESP"]
[WhiteFideId "2204053"]
[WhiteEloChange "4"]
[BlackTitle "IM"]
[BlackElo "2264"]
[BlackCountry "ESP"]
[BlackFideId "2200660"]
[BlackEloChange "-4"]

1. c4 {[%clk 1:30:57]} e5 {[%clk 1:23:02]} 2. Nc3 {[%clk 1:31:08]} d6 {[%clk
1:14:56]} 3. Nf3 {[%clk 1:30:09]} f5 {[%clk 1:13:44]} 4. d4 {[%clk 1:29:52]} e4
{[%clk 1:13:29]} 5. Bg5 {[%clk 1:30:11]} Be7 {[%clk 1:11:01]} 6. Bxe7 {[%clk
1:30:26]} Nxe7 {[%clk 1:11:15]} 7. Nd2 {[%clk 1:30:37]} O-O {[%clk 1:08:24]} 8.
e3 {[%clk 1:30:13]} c5 {[%clk 1:07:56]} 9. dxc5 {[%clk 1:24:51]} dxc5 {[%clk
1:03:39]} 10. Be2 {[%clk 0:51:47]} Be6 {[%clk 0:58:55]} 11. Nb3 {[%clk 0:48:40]}
Qb6 {[%clk 0:52:51]} 12. O-O {[%clk 0:43:54]} Rd8 {[%clk 0:49:56]} 13. Qc2 {[%clk
0:43:50]} Na6 {[%clk 0:47:14]} 14. a3 {[%clk 0:42:21]} Qc6 {[%clk 0:38:33]} 15.
Rfd1 {[%clk 0:36:38]} Rxd1+ {[%clk 0:35:30]} 16. Rxd1 {[%clk 0:36:49]} Re8 {[%clk
0:33:31]} 17. Nd5 {[%clk 0:24:29]} b6 {[%clk 0:30:58]} 18. Bh5 {[%clk 0:21:10]}
Bf7 {[%clk 0:28:51]} 19. Nxe7+ {[%clk 0:18:14]} Rxe7 {[%clk 0:28:10]} 20. Rd8+
{[%clk 0:18:17]} Re8 {[%clk 0:28:26]} 21. Bxf7+ {[%clk 0:16:07]} 1/2-1/2

[Event "Campeonato de España Veteranos 2017"]
[Site "Altea"]
[Date "2017.10.14"]
[Round "8"]
[White "Pastor Pons, Pedro Maria"]
[Black "Roche Simon, Manuel Angel"]
[Result "0-1"]
[Board "5"]
[WhiteElo "2077"]
[WhiteCountry "ESP"]
[WhiteFideId "2203758"]
[WhiteEloChange "-6"]
[BlackElo "2216"]
[BlackCountry "ESP"]
[BlackFideId "2216566"]
[BlackEloChange "6"]

1. e4 {[%clk 1:30:30]} c5 {[%clk 1:30:53]} 2. Nf3 {[%clk 1:30:28]} Nc6 {[%clk
1:31:13]} 3. d4 {[%clk 1:30:51]} cxd4 {[%clk 1:31:34]} 4. Nxd4 {[%clk 1:31:13]}
Nf6 {[%clk 1:31:54]} 5. Nc3 {[%clk 1:31:29]} d6 {[%clk 1:32:07]} 6. Be2 {[%clk
1:30:36]} e5 {[%clk 1:32:03]} 7. Nb3 {[%clk 1:29:59]} Be7 {[%clk 1:32:15]} 8. O-O
{[%clk 1:30:03]} O-O {[%clk 1:32:27]} 9. f4 {[%clk 1:29:56]} a5 {[%clk 1:31:57]}
10. a4 {[%clk 1:22:28]} Nb4 {[%clk 1:30:57]} 11. Bf3 {[%clk 1:18:25]} Be6 {[%clk
1:27:42]} 12. f5 {[%clk 1:17:42]} Bc4 {[%clk 1:27:47]} 13. Re1 {[%clk 1:18:07]}
Nxc2 {[%clk 1:27:04]} 14. Qxc2 {[%clk 1:16:01]} Qb6+ {[%clk 1:27:16]} 15. Be3
{[%clk 1:16:25]} Qxb3 {[%clk 1:27:39]} 16. Qd2 {[%clk 1:16:42]} Rfd8 {[%clk
1:22:17]} 17. Qf2 {[%clk 1:10:35]} d5 {[%clk 1:17:32]} 18. Bb6 {[%clk 1:09:28]}
dxe4 {[%clk 1:11:55]} 19. Nxe4 {[%clk 1:08:12]} Nxe4 {[%clk 1:09:48]} 20. Bxe4
{[%clk 1:04:46]} Rd7 {[%clk 1:04:55]} 21. f6 {[%clk 1:05:05]} gxf6 {[%clk
0:59:51]} 22. Bc2 {[%clk 0:49:16]} Qb4 {[%clk 0:54:04]} 23. Be3 {[%clk 0:45:35]}
Be6 {[%clk 0:51:25]} 24. Kh1 {[%clk 0:44:06]} Kh8 {[%clk 0:44:28]} 25. Bh6 {[%clk
0:44:06]} Qd4 {[%clk 0:42:15]} 26. Qf3 {[%clk 0:42:44]} Qg4 {[%clk 0:42:02]} 27.
Qf2 {[%clk 0:40:59]} Rad8 {[%clk 0:38:57]} 28. Rf1 {[%clk 0:39:55]} Rg8 {[%clk
0:36:04]} 29. Rae1 {[%clk 0:39:26]} Rd4 {[%clk 0:28:05]} 30. Bd2 {[%clk 0:38:48]}
Bd5 {[%clk 0:27:11]} 31. Rg1 {[%clk 0:39:04]} Qh4 {[%clk 0:25:26]} 32. Qxh4
{[%clk 0:38:37]} Rxh4 {[%clk 0:25:45]} 33. Bxa5 {[%clk 0:39:05]} Bc5 {[%clk
0:25:41]} 0-1

[Event "Campeonato de España Veteranos 2017"]
[Site "Altea"]
[Date "2017.10.14"]
[Round "8"]
[White "Nunez Munoz, Jesus"]
[Black "Ruiz Ledo, Antonio"]
[Result "1-0"]
[Board "6"]
[WhiteElo "2199"]
[WhiteCountry "ESP"]
[WhiteFideId "2208709"]
[WhiteEloChange "6"]
[BlackElo "2045"]
[BlackCountry "ESP"]
[BlackFideId "2246422"]
[BlackEloChange "-6"]

1. e4 {[%clk 1:30:06]} c6 {[%clk 1:30:55]} 2. d4 {[%clk 1:30:24]} g6 {[%clk
1:31:20]} 3. c3 {[%clk 1:28:56]} Bg7 {[%clk 1:29:59]} 4. Bd3 {[%clk 1:24:46]} d6
{[%clk 1:28:49]} 5. Nf3 {[%clk 1:23:33]} Nf6 {[%clk 1:29:03]} 6. O-O {[%clk
1:23:36]} O-O {[%clk 1:29:18]} 7. h3 {[%clk 1:23:47]} Ne8 {[%clk 1:15:10]} 8. Re1
{[%clk 1:21:05]} e5 {[%clk 1:07:58]} 9. a4 {[%clk 1:16:51]} Na6 {[%clk 0:52:46]}
10. Bxa6 {[%clk 0:59:12]} bxa6 {[%clk 0:53:12]} 11. dxe5 {[%clk 0:59:36]} Be6
{[%clk 0:53:33]} 12. exd6 {[%clk 0:47:50]} Qxd6 {[%clk 0:53:34]} 13. Qxd6 {[%clk
0:47:05]} Nxd6 {[%clk 0:54:00]} 14. Nd4 {[%clk 0:47:25]} Bxd4 {[%clk 0:53:56]}
15. cxd4 {[%clk 0:47:47]} Rab8 {[%clk 0:53:55]} 16. Nc3 {[%clk 0:30:58]} Nc4
{[%clk 0:50:02]} 17. d5 {[%clk 0:25:17]} Bd7 {[%clk 0:45:37]} 18. Re2 {[%clk
0:16:28]} Rfe8 {[%clk 0:44:14]} 19. Bf4 {[%clk 0:15:19]} Rxb2 {[%clk 0:43:48]}
20. Rxb2 {[%clk 0:15:43]} Nxb2 {[%clk 0:44:12]} 21. Rb1 {[%clk 0:16:02]} Nd3
{[%clk 0:42:29]} 22. Be3 {[%clk 0:16:24]} cxd5 {[%clk 0:36:16]} 23. Nxd5 {[%clk
0:16:15]} Kg7 {[%clk 0:35:52]} 24. Bd4+ {[%clk 0:15:04]} Kh6 {[%clk 0:36:11]} 25.
Nf6 {[%clk 0:15:07]} Bxa4 {[%clk 0:33:43]} 26. Nxe8 {[%clk 0:15:27]} Bxe8 {[%clk
0:34:11]} 27. Bxa7 {[%clk 0:15:00]} Bb5 {[%clk 0:34:22]} 28. Bd4 {[%clk 0:14:57]}
g5 {[%clk 0:34:07]} 29. f3 {[%clk 0:14:49]} Kg6 {[%clk 0:34:27]} 30. Kh2 {[%clk
0:14:44]} f5 {[%clk 0:34:37]} 31. exf5+ {[%clk 0:14:29]} Kxf5 {[%clk 0:35:01]}
32. Bb6 {[%clk 0:13:49]} h5 {[%clk 0:35:00]} 33. g4+ {[%clk 0:12:39]} hxg4 {[%clk
0:35:20]} 34. fxg4+ {[%clk 0:12:53]} Ke4 {[%clk 0:33:26]} 35. Kg3 {[%clk
0:13:01]} Ne5 {[%clk 0:33:24]} 36. Re1+ {[%clk 0:12:41]} Kd5 {[%clk 0:33:50]} 37.
Bd8 {[%clk 0:12:47]} Nf7 {[%clk 0:34:16]} 38. Rd1+ {[%clk 0:12:55]} Kc6 {[%clk
0:34:26]} 39. Ba5 {[%clk 0:12:41]} Bc4 {[%clk 0:34:44]} 40. Bd2 {[%clk 0:12:44]}
Kb5 {[%clk 0:34:15]} 41. Rb1+ {[%clk 0:13:09]} Kc6 {[%clk 0:34:25]} 42. Ra1
{[%clk 0:13:09]} Kd5 {[%clk 0:34:02]} 43. Ra5+ {[%clk 0:13:05]} Bb5 {[%clk
0:34:28]} 44. Ra3 {[%clk 0:13:31]} Bc4 {[%clk 0:34:28]} 45. Rf3 {[%clk 0:13:49]}
Ke4 {[%clk 0:34:27]} 46. Rf5 {[%clk 0:13:48]} Be6 {[%clk 0:33:16]} 47. Ra5 {[%clk
0:13:58]} 1-0

[Event "Campeonato de España Veteranos 2017"]
[Site "Altea"]
[Date "2017.10.14"]
[Round "8"]
[White "Gonzalvez Perales, Jose Luis"]
[Black "Brusi Noguera, Ricardo Ll."]
[Result "1-0"]
[Board "7"]
[WhiteElo "1988"]
[WhiteCountry "ESP"]
[WhiteFideId "2256720"]
[WhiteEloChange "14"]
[BlackElo "2156"]
[BlackCountry "ESP"]
[BlackFideId "2279487"]
[BlackEloChange "-14"]

1. e4 {[%clk 1:30:30]} Nf6 {[%clk 1:30:19]} 2. e5 {[%clk 1:30:53]} Nd5 {[%clk
1:30:39]} 3. c4 {[%clk 1:31:13]} Nb6 {[%clk 1:31:02]} 4. d4 {[%clk 1:31:37]} d6
{[%clk 1:31:28]} 5. exd6 {[%clk 1:32:01]} cxd6 {[%clk 1:31:28]} 6. Be3 {[%clk
1:32:07]} g6 {[%clk 1:31:44]} 7. Nc3 {[%clk 1:32:17]} Bg7 {[%clk 1:32:05]} 8. Rc1
{[%clk 1:32:31]} O-O {[%clk 1:32:26]} 9. b3 {[%clk 1:32:46]} Bf5 {[%clk 1:31:59]}
10. Nf3 {[%clk 1:26:43]} Bg4 {[%clk 1:29:40]} 11. Be2 {[%clk 1:23:47]} d5 {[%clk
1:29:42]} 12. c5 {[%clk 1:23:12]} Nc8 {[%clk 1:30:03]} 13. h3 {[%clk 1:21:19]}
Bxf3 {[%clk 1:29:22]} 14. Bxf3 {[%clk 1:21:46]} e6 {[%clk 1:28:57]} 15. O-O
{[%clk 1:09:52]} Nc6 {[%clk 1:29:05]} 16. Qd2 {[%clk 1:03:35]} N8e7 {[%clk
1:26:57]} 17. Ne2 {[%clk 1:00:33]} Nf5 {[%clk 1:22:21]} 18. g4 {[%clk 0:59:14]}
Nxe3 {[%clk 1:13:40]} 19. Qxe3 {[%clk 0:55:01]} Qh4 {[%clk 1:06:10]} 20. Bg2
{[%clk 0:53:55]} Rae8 {[%clk 1:02:59]} 21. f4 {[%clk 0:39:43]} f5 {[%clk
0:57:50]} 22. g5 {[%clk 0:37:56]} h6 {[%clk 0:57:40]} 23. gxh6 {[%clk 0:36:15]}
Bxh6 {[%clk 0:56:25]} 24. Rcd1 {[%clk 0:28:30]} Kf7 {[%clk 0:53:19]} 25. Qf2
{[%clk 0:21:06]} Qf6 {[%clk 0:50:14]} 26. Kh2 {[%clk 0:20:01]} Rh8 {[%clk
0:37:02]} 27. b4 {[%clk 0:19:43]} a6 {[%clk 0:36:01]} 28. Rb1 {[%clk 0:15:17]} g5
{[%clk 0:34:56]} 29. b5 {[%clk 0:14:42]} Na5 {[%clk 0:31:14]} 30. bxa6 {[%clk
0:14:41]} bxa6 {[%clk 0:31:42]} 31. Rb6 {[%clk 0:14:59]} Qd8 {[%clk 0:26:18]} 32.
Rxa6 {[%clk 0:14:24]} g4 {[%clk 0:20:21]} 33. Rb1 {[%clk 0:13:13]} Re7 {[%clk
0:14:19]} 34. a4 {[%clk 0:08:34]} Nc4 {[%clk 0:10:43]} 35. Nc3 {[%clk 0:07:00]}
gxh3 {[%clk 0:10:36]} 36. Bh1 {[%clk 0:07:03]} Bg7 {[%clk 0:10:20]} 37. Re1
{[%clk 0:06:24]} Na5 {[%clk 0:06:33]} 38. Rb6 {[%clk 0:04:18]} Rh6 {[%clk
0:04:31]} 39. Nb5 {[%clk 0:03:59]} Nc4 {[%clk 0:04:14]} 40. Nd6+ {[%clk 0:04:01]}
Nxd6 {[%clk 0:04:36]} 41. Rxd6 {[%clk 0:04:29]} Rd7 {[%clk 0:04:04]} 42. Rb6
{[%clk 0:04:39]} Qa8 {[%clk 0:03:40]} 43. Qe3 {[%clk 0:03:08]} Re7 {[%clk
0:03:39]} 44. a5 {[%clk 0:03:14]} Qxa5 {[%clk 0:03:07]} 45. Bxd5 {[%clk 0:03:37]}
Bxd4 {[%clk 0:03:26]} 46. Qe2 {[%clk 0:02:18]} Qxc5 {[%clk 0:02:00]} 47. Rxe6
{[%clk 0:01:56]} Rhxe6 {[%clk 0:02:07]} 48. Bxe6+ {[%clk 0:02:15]} Kf6 {[%clk
0:02:20]} 49. Qh5 {[%clk 0:01:31]} Rxe6 {[%clk 0:00:37]} 50. Qh6+ {[%clk
0:01:31]} Ke7 {[%clk 0:00:59]} 51. Qxe6+ {[%clk 0:01:39]} Kd8 {[%clk 0:01:26]}
52. Qe8+ {[%clk 0:01:51]} Kc7 {[%clk 0:01:48]} 53. Re7+ {[%clk 0:02:06]} Kb6
{[%clk 0:01:36]} 54. Qb8+ {[%clk 0:01:09]} Ka5 {[%clk 0:01:46]} 55. Qa8+ {[%clk
0:00:55]} Kb4 {[%clk 0:02:07]} 56. Rb7+ {[%clk 0:01:15]} Kc3 {[%clk 0:02:19]} 57.
Qa1+ {[%clk 0:01:36]} Kd3 {[%clk 0:02:11]} 58. Rb3+ {[%clk 0:01:27]} Bc3 {[%clk
0:01:19]} 59. Qf1+ {[%clk 0:01:10]} Kd2 {[%clk 0:01:24]} 60. Rb1 {[%clk 0:01:09]}
Qa5 {[%clk 0:00:39]} 61. Rd1+ {[%clk 0:01:15]} Kc2 {[%clk 0:00:46]} 62. Qd3+
{[%clk 0:01:37]} Kb2 {[%clk 0:01:08]} 63. Rb1+ {[%clk 0:01:31]} Ka2 {[%clk
0:01:30]} 64. Qc2+ {[%clk 0:01:48]} Ka3 {[%clk 0:01:48]} 65. Qb3# {[%clk
0:01:48]} 1-0

[Event "Campeonato de España Veteranos 2017"]
[Site "Altea"]
[Date "2017.10.14"]
[Round "8"]
[White "Cantero Navarro, Antonio"]
[Black "Clari Mascarell, Jose Javier"]
[Result "1-0"]
[Board "8"]
[WhiteElo "2153"]
[WhiteCountry "ESP"]
[WhiteFideId "2203235"]
[WhiteEloChange "7"]
[BlackElo "2047"]
[BlackCountry "ESP"]
[BlackFideId "2207486"]
[BlackEloChange "-7"]

1. d4 {[%clk 1:30:57]} Nf6 {[%clk 1:29:41]} 2. Bf4 {[%clk 1:29:03]} d5 {[%clk
1:24:47]} 3. Nf3 {[%clk 1:28:02]} e6 {[%clk 1:24:55]} 4. e3 {[%clk 1:27:54]} c5
{[%clk 0:57:38]} 5. c3 {[%clk 1:25:19]} Nc6 {[%clk 0:55:35]} 6. Nbd2 {[%clk
1:25:15]} Be7 {[%clk 0:53:42]} 7. h3 {[%clk 1:25:15]} h6 {[%clk 0:52:51]} 8. Bd3
{[%clk 1:25:34]} O-O {[%clk 0:50:59]} 9. g4 {[%clk 1:23:36]} Ne8 {[%clk 0:35:39]}
10. h4 {[%clk 1:05:37]} f5 {[%clk 0:31:18]} 11. g5 {[%clk 0:43:35]} h5 {[%clk
0:30:15]} 12. Bb5 {[%clk 0:42:44]} Bd6 {[%clk 0:15:52]} 13. Bxc6 {[%clk 0:41:57]}
bxc6 {[%clk 0:16:11]} 14. Bxd6 {[%clk 0:41:47]} Nxd6 {[%clk 0:15:17]} 15. Ne5
{[%clk 0:41:52]} f4 {[%clk 0:09:10]} 16. Qxh5 {[%clk 0:41:40]} Nf5 {[%clk
0:09:11]} 17. g6 {[%clk 0:31:50]} Nh6 {[%clk 0:09:26]} 18. Ng4 {[%clk 0:32:15]}
Rf5 {[%clk 0:06:09]} 19. Nxh6+ {[%clk 0:32:32]} gxh6 {[%clk 0:06:09]} 20. Qxh6
{[%clk 0:32:51]} Qe7 {[%clk 0:06:34]} 21. e4 {[%clk 0:31:27]} dxe4 {[%clk
0:06:24]} 22. Nxe4 {[%clk 0:31:50]} cxd4 {[%clk 0:06:30]} 23. O-O-O {[%clk
0:31:43]} Qg7 {[%clk 0:05:01]} 24. Qxg7+ {[%clk 0:31:43]} Kxg7 {[%clk 0:05:01]}
25. Rxd4 {[%clk 0:32:07]} Kxg6 {[%clk 0:05:07]} 26. Rg1+ {[%clk 0:32:28]} Kh7
{[%clk 0:02:07]} 27. Rd8 {[%clk 0:32:38]} 1-0